[Event "Madrid-ch sf"]
[Site "Madrid"]
[Date "2019.05.11"]
[Round "6"]
[White "Vinas Lopez, Carlos"]
[Black "Ruiz Quevedo, Andres"]
[Result "1/2-1/2"]
[WhiteElo "1884"]
[BlackElo "1900"]
[PlyCount "147"]
[EventDate "2019.05.06"]
[EventType "swiss"]
[EventRounds "9"]
[EventCountry "ESP"]
[SourceTitle "CBM 190 Extra"]
[Source "ChessBase"]
[SourceDate "2019.07.15"]
[SourceVersion "1"]
[SourceVersionDate "2019.07.15"]
[SourceQuality "1"]

1. d4 e6 2. Bf4 Nf6 3. e3 b6 4. Nd2 Bb7 5. Ngf3 Be7 6. h3 c5 7. c3 0-0 8. Bd3 cxd4 9. exd4 d6 10. Qe2 Nbd7 11. 0-0 Re8 12. a4 a6 13. Bh2 Nf8 14. Ne4 Ng6 15. Nxf6+ Bxf6 16. Rad1 Qd7 17. Rfe1 Qc6 18. Be4 Qxe4 19. Qxe4 Bxe4 20. Rxe4 Be7 21. Ree1 Rec8 22. Nd2 d5 23. Ra1 Bf8 24. Kf1 Ne7 25. Bd6 Rc6 26. Bb4 Rb8 27. Ke2 Nf5 28. Bxf8 Kxf8 29. Kd3 Nd6 30. b3 Rbc8 31. Rac1 b5 32. axb5 axb5 33. b4 Ra6 34. Ra1 Rca8 35. Nb3 Ra3 36. Na5 Rxa1 37. Rxa1 Rc8 38. f3 Ra8 39. Nb3 Rxa1 40. Nxa1 Nf5 41. g4 Nd6 42. Nc2 f6 43. Ne3 Ke7 44. Ke2 Nf7 45. h4 Kd6 46. Kd3 g6 47. Nc2 e5 48. Na3 Kc6 49. Ke3 Nd6 50. dxe5 fxe5 51. f4 exf4+ 52. Kxf4 Ne4 53. Nb1 Kd6 54. h5 Ke6 55. hxg6 hxg6 56. Kf3 Ke5 57. Ke3 Nf6 58. Na3 Nxg4+ 59. Kf3 Nf6 60. Nxb5 Ne4 61. Kg4 Kf6 62. Kf4 g5+ 63. Ke3 Ke5 64. Kf3 Kf6 65. Kg4 Kg6 66. Nc7 Nxc3 67. b5 d4 68. Kf3 g4+ 69. Kxg4 d3 70. Nd5 Nxd5 71. Kf3 Kf5 72. b6 d2 73. Ke2 Nxb6 74. Kxd2 1/2-1/2

[Event "Madrid-ch sf"]
[Site "Madrid"]
[Date "2019.05.08"]
[Round "3"]
[White "Ruiz Quevedo, Andres"]
[Black "Mkrtchyan, Levon"]
[Result "0-1"]
[WhiteElo "1900"]
[BlackElo "2168"]
[PlyCount "108"]
[EventDate "2019.05.06"]
[EventType "swiss"]
[EventRounds "9"]
[EventCountry "ESP"]
[SourceTitle "CBM 190 Extra"]
[Source "ChessBase"]
[SourceDate "2019.07.15"]
[SourceVersion "1"]
[SourceVersionDate "2019.07.15"]
[SourceQuality "1"]

1. c4 Nf6 2. g3 c5 3. Nc3 Nc6 4. Bg2 g6 5. Rb1 Bg7 6. a3 0-0 7. b4 cxb4 8. axb4 d6 9. Nf3 a6 10. 0-0 Rb8 11. d3 b5 12. cxb5 axb5 13. Bg5 Bd7 14. Qd2 Re8 15. Rfd1 Ng4 16. h3 Nge5 17. Nxe5 Nxe5 18. Ra1 Bc6 19. Nd5 Bxd5 20. Bxd5 Qd7 21. Kh2 e6 22. Bg2 d5 23. Rdc1 Rec8 24. Ra5 Nc6 25. Ra6 Qb7 26. Ra3 Nd4 27. Be3 Rxc1 28. Qxc1 Nxe2 29. Qc5 Rc8 30. Ra7 Rxc5 31. Rxb7 Rc8 32. Rxb5 Bd4 33. Bf1 Bxe3 34. fxe3 Rc2 35. Rc5 Rb2 36. Bxe2 Rxe2+ 37. Kg1 Rxe3 38. Rc3 Rxg3+ 39. Kh2 Re3 40. b5 Re2+ 41. Kg3 Rb2 42. Rc5 Kg7 43. Kf4 Kf6 44. Ke3 Rb4 45. Kd2 d4 46. Kc2 e5 47. Rc6+ Kf5 48. b6 f6 49. Rd6 g5 50. Rc6 h5 51. Kd2 g4 52. hxg4+ hxg4 53. Ke2 Rb2+ 54. Kf1 Kg5 0-1

[Event "Madrid-ch Previa-A"]
[Site "Madrid"]
[Date "2019.02.19"]
[Round "8"]
[White "Jimenez Gonzalez, Marcos"]
[Black "Ruiz Quevedo, Andres"]
[Result "1/2-1/2"]
[WhiteElo "1757"]
[BlackElo "1896"]
[PlyCount "43"]
[EventDate "2019.02.04"]
[EventType "swiss"]
[EventRounds "9"]
[EventCountry "ESP"]
[SourceTitle "EXT 2021"]
[Source "ChessBase"]
[SourceDate "2020.10.23"]
[SourceVersion "1"]
[SourceVersionDate "2020.10.23"]
[SourceQuality "1"]

1. c4 Nf6 2. g3 e6 3. Bg2 c5 4. Nf3 Be7 5. 0-0 0-0 6. Nc3 d6 7. d4 cxd4 8. Nxd4 a6 9. b3 Qc7 10. Bb2 Nc6 11. Rc1 Nxd4 12. Qxd4 Bd7 13. Rfd1 Rfd8 14. h3 Rac8 15. e4 Qb8 16. Qe3 b5 17. cxb5 axb5 18. b4 Bc6 19. a3 Bf8 20. Ne2 Ne8 21. Nd4 Bd7 22. Qe2 1/2-1/2

[Event "Madrid-ch Previa-A"]
[Site "Madrid"]
[Date "2019.02.06"]
[Round "3"]
[White "Martinez Miura, Enrique"]
[Black "Ruiz Quevedo, Andres"]
[Result "0-1"]
[WhiteElo "1673"]
[BlackElo "1896"]
[PlyCount "102"]
[EventDate "2019.02.04"]
[EventType "swiss"]
[EventRounds "9"]
[EventCountry "ESP"]
[SourceTitle "EXT 2021"]
[Source "ChessBase"]
[SourceDate "2020.10.23"]
[SourceVersion "1"]
[SourceVersionDate "2020.10.23"]
[SourceQuality "1"]

1. e4 c5 2. Nf3 d6 3. d4 cxd4 4. Nxd4 Nf6 5. Nc3 a6 6. Be2 e5 7. Nf3 Be6 8. 0-0 Nbd7 9. Ng5 Rc8 10. Nxe6 fxe6 11. Bg5 Be7 12. Bh5+ g6 13. Bxf6 Nxf6 14. Bf3 0-0 15. Qd2 b5 16. a3 Rc4 17. Rad1 Qc7 18. Qh6 b4 19. axb4 Rxb4 20. Rb1 Rfb8 21. Qc1 Qb6 22. Nd1 Qb7 23. c3 Rb3 24. Re1 Nd7 25. Qh6 Nc5 26. h4 Rf8 27. Ra1 Nd3 28. Re2 Rf7 29. h5 Nf4 30. Rd2 Qb6 31. hxg6 Nxg6 32. Bh5 Rg7 33. Bxg6 Rxg6 34. Qh3 Qc6 35. Qd3 Rb5 36. b4 d5 37. exd5 exd5 38. f3 Bg5 39. Rda2 e4 40. fxe4 dxe4 41. Qd4 Bf6 42. Qa7 Rxg2+ 43. Kxg2 e3+ 44. Kf1 Qc4+ 45. Ke1 Bh4+ 46. Nf2 exf2+ 47. Rxf2 Qxc3+ 48. Ke2 Re5+ 49. Kf1 Qxa1+ 50. Kg2 Bxf2 51. Qa8+ Kg7 0-1

[Event "Madrid-ch Previa-A"]
[Site "Madrid"]
[Date "2019.02.04"]
[Round "1"]
[White "Martinez Pintor, Juan"]
[Black "Ruiz Quevedo, Andres"]
[Result "1/2-1/2"]
[WhiteElo "1604"]
[BlackElo "1896"]
[PlyCount "39"]
[EventDate "2019.02.04"]
[EventType "swiss"]
[EventRounds "9"]
[EventCountry "ESP"]
[SourceTitle "EXT 2021"]
[Source "ChessBase"]
[SourceDate "2020.10.23"]
[SourceVersion "1"]
[SourceVersionDate "2020.10.23"]
[SourceQuality "1"]

1. d4 Nf6 2. c4 e6 3. Nc3 Bb4 4. e3 b6 5. Bd3 Bb7 6. Nf3 Ne4 7. Qc2 Bxc3+ 8. bxc3 f5 9. a4 0-0 10. a5 Ng5 11. Be2 Be4 12. Qb3 Nc6 13. axb6 cxb6 14. Ba3 Na5 15. Qb4 Qf6 16. Qd6 Nxf3+ 17. gxf3 Bc6 18. Qf4 Rfc8 19. Rg1 Nb7 20. Kd2 1/2-1/2

[Event "Madrid-ch Previa-A"]
[Site "Madrid"]
[Date "2018.02.19"]
[Round "7"]
[White "Ruiz Quevedo, Andres"]
[Black "Santamaria Baeza, Adolfo"]
[Result "1-0"]
[WhiteElo "1917"]
[BlackElo "1846"]
[PlyCount "95"]
[EventDate "2018.02.05"]
[EventType "swiss"]
[EventRounds "9"]
[EventCountry "ESP"]
[SourceTitle "EXT 2020"]
[Source "ChessBase"]
[SourceDate "2019.10.17"]
[SourceVersion "1"]
[SourceVersionDate "2019.10.17"]
[SourceQuality "1"]

1. b3 e5 2. Bb2 Nc6 3. c4 Bc5 4. e3 Nf6 5. d3 0-0 6. Nf3 d6 7. Be2 Bb4+ 8. Nbd2 Bf5 9. 0-0 Re8 10. a3 Ba5 11. b4 Bb6 12. Nb3 a5 13. b5 Ne7 14. a4 Ng6 15. Rc1 Nd7 16. Nfd2 Qg5 17. Nf3 Qe7 18. Re1 Nc5 19. Nxc5 Bxc5 20. Bc3 c6 21. Qb3 Nh4 22. d4 Nxf3+ 23. Bxf3 e4 24. Be2 Ba7 25. Rcd1 Qg5 26. Bxa5 b6 27. Bd2 Bh3 28. g3 c5 29. d5 Bb8 30. Ra1 Qd8 31. a5 bxa5 32. b6 a4 33. Rxa4 Rxa4 34. Qxa4 Bd7 35. Qb3 Re5 36. Bf1 h5 37. Ra1 h4 38. Ra8 hxg3 39. hxg3 Bg4 40. b7 Bf3 41. Bg2 Re8 42. Ba5 Qf6 43. Bc7 Kh7 44. Rxb8 Qa1+ 45. Kh2 Re5 46. Bxf3 exf3 47. Rh8+ Kxh8 48. b8Q+ 1-0

[Event "Madrid-ch Previa-A"]
[Site "Madrid"]
[Date "2018.02.07"]
[Round "3"]
[White "Ruiz Quevedo, Andres"]
[Black "Esteban Amo, Jose M"]
[Result "0-1"]
[WhiteElo "1917"]
[BlackElo "1847"]
[PlyCount "110"]
[EventDate "2018.02.05"]
[EventType "swiss"]
[EventRounds "9"]
[EventCountry "ESP"]
[SourceTitle "EXT 2020"]
[Source "ChessBase"]
[SourceDate "2019.10.17"]
[SourceVersion "1"]
[SourceVersionDate "2019.10.17"]
[SourceQuality "1"]

1. Nf3 c5 2. g3 g6 3. Bg2 Bg7 4. 0-0 Nc6 5. c4 Nf6 6. Nc3 0-0 7. d4 cxd4 8. Nxd4 Ng4 9. e3 Nge5 10. b3 d6 11. h3 Bd7 12. f4 Nxd4 13. exd4 Nc6 14. Be3 e5 15. Ne2 Re8 16. fxe5 dxe5 17. d5 Ne7 18. Rc1 Nf5 19. Bf2 e4 20. g4 Nh4 21. Bxh4 Qxh4 22. c5 Bb5 23. Re1 Rad8 24. Nc3 Bd3 25. Nxe4 Bxe4 26. Rxe4 Rxe4 27. Bxe4 Qxh3 28. Bg2 Qe3+ 29. Kh1 Bd4 30. Bf3 Rxd5 31. Rc2 Rxc5 32. Rxc5 Bxc5 33. Qf1 b6 34. Kg2 Qd2+ 35. Qe2 Qxe2+ 36. Bxe2 Kg7 37. Kf3 Kf6 38. Bc4 Bd6 39. a4 h5 40. gxh5 gxh5 41. Bd5 Kg6 42. Bc4 f5 43. Bb5 Kg5 44. Be8 h4 45. Kg2 Kg4 46. Bc6 h3+ 47. Kf2 Bc5+ 48. Kf1 Kg3 49. Bd5 Kf4 50. Bc6 a5 51. Bd7 Ke5 52. Bc8 Ke4 53. Bd7 h2 54. Ke2 Kd4 55. Kf1 h1Q+ 0-1

[Event "San Sebastian de los Reyes op 18th"]
[Site "San Sebastian"]
[Date "2016.12.11"]
[Round "9"]
[White "Fernandez Lledo, Javier"]
[Black "Ruiz Quevedo, Andres"]
[Result "1-0"]
[WhiteElo "2242"]
[BlackElo "1953"]
[PlyCount "37"]
[EventDate "2016.12.03"]
[EventType "swiss"]
[EventRounds "9"]
[EventCountry "ESP"]
[SourceTitle "CBM 176 Extra"]
[Source "ChessBase"]
[SourceDate "2017.03.02"]
[SourceVersion "1"]
[SourceVersionDate "2017.03.02"]
[SourceQuality "1"]

1. e4 c5 2. Nf3 g6 3. d4 cxd4 4. Qxd4 Nf6 5. e5 Nc6 6. Qa4 Nd5 7. Qe4 Nc7 8. Nc3 Bg7 9. Bf4 0-0 10. 0-0-0 b5 11. h4 Ne6 12. h5 Nxf4 13. Qxf4 Qa5 14. Kb1 d6 15. Qe4 b4 16. hxg6 Be6 17. Ng5 Qxe5 18. gxf7+ Rxf7 19. Nxe6 1-0

[Event "San Sebastian de los Reyes op 18th"]
[Site "San Sebastian"]
[Date "2016.12.08"]
[Round "6"]
[White "Quevedo Marin, Manuel"]
[Black "Ruiz Quevedo, Andres"]
[Result "1-0"]
[WhiteElo "2267"]
[BlackElo "1953"]
[PlyCount "67"]
[EventDate "2016.12.03"]
[EventType "swiss"]
[EventRounds "9"]
[EventCountry "ESP"]
[SourceTitle "CBM 176 Extra"]
[Source "ChessBase"]
[SourceDate "2017.03.02"]
[SourceVersion "1"]
[SourceVersionDate "2017.03.02"]
[SourceQuality "1"]

1. e4 c5 2. Nf3 g6 3. d4 cxd4 4. Nxd4 Bg7 5. Nc3 Nc6 6. Be3 Nf6 7. Bc4 0-0 8. Bb3 a5 9. 0-0 d6 10. f3 Nd7 11. Nd5 Nc5 12. Bc4 Nxd4 13. Bxd4 Ne6 14. Bb6 Qe8 15. c3 Bd7 16. f4 Bc6 17. f5 Bxd5 18. Qxd5 Nd8 19. fxg6 hxg6 20. Bb5 Nc6 21. Rf3 Qc8 22. Raf1 Qe6 23. Rxf7 Qxf7 24. Rxf7 Rxf7 25. Bc4 Ne5 26. Qxb7 Raf8 27. Bxf7+ Rxf7 28. Qa8+ Kh7 29. Qxa5 Rf4 30. Qd5 Ng4 31. a4 Nf6 32. Qd1 Nd7 33. a5 Rxe4 34. Bd4 1-0

[Event "Madrid-ch final"]
[Site "Madrid"]
[Date "2016.06.06"]
[Round "1"]
[White "Plazuelo Pascual, Juan"]
[Black "Ruiz Quevedo, Andres"]
[Result "1/2-1/2"]
[WhiteElo "2223"]
[BlackElo "1959"]
[PlyCount "135"]
[EventDate "2016.06.06"]
[EventType "swiss"]
[EventRounds "7"]
[EventCountry "ESP"]
[SourceTitle "CBM 172 Extra"]
[Source "ChessBase"]
[SourceDate "2016.06.21"]
[SourceVersion "1"]
[SourceVersionDate "2016.06.21"]
[SourceQuality "1"]

1. d4 Nf6 2. c4 e6 3. Nc3 Bb4 4. Qc2 Nc6 5. Nf3 d6 6. Bd2 Qe7 7. e3 0-0 8. a3 Bxc3 9. Bxc3 e5 10. d5 Nb8 11. Nd2 c6 12. dxc6 bxc6 13. Be2 Bg4 14. f3 Bh5 15. 0-0 Bg6 16. Qa4 Rc8 17. Nb3 Nbd7 18. c5 dxc5 19. Ba6 Rcb8 20. Qxc6 Qf8 21. Nd2 Rb6 22. Qa4 Nd5 23. Nc4 Nxc3 24. bxc3 Bc2 25. Qxd7 Rxa6 26. Nxe5 Rd6 27. Qc7 Re6 28. Rac1 Ba4 29. f4 f6 30. Qa5 Qe8 31. Nf3 c4 32. Nd4 Rxe3 33. Qd5+ Kh8 34. Qxc4 Rc8 35. Qb4 Rb8 36. Qc5 Rb2 37. f5 h6 38. Ne6 Bc6 39. Rf2 Rxf2 40. Kxf2 Re5 41. Qf8+ Qxf8 42. Nxf8 Rxf5+ 43. Kg1 Rb5 44. Ng6+ Kh7 45. Ne7 Be4 46. Re1 f5 47. g4 g6 48. gxf5 gxf5 49. Re2 Rc5 50. Rd2 Rxc3 51. Rd7 Rxa3 52. Nxf5+ Kg6 53. Ne7+ Kg5 54. Nc8 a5 55. Nd6 Bd3 56. Nf7+ Kf6 57. Nxh6 a4 58. Ng4+ Ke6 59. Rd4 Ra1+ 60. Kf2 Bg6 61. Ne3 Ra2+ 62. Kg3 Bb1 63. Nd5 Bc2 64. Ne3 Bb3 65. Rb4 Re2 66. Nc4 Re4 67. Rb6+ Kd7 68. Nd2 1/2-1/2

[Event "Madrid-ch sf-A"]
[Site "Madrid"]
[Date "2016.03.16"]
[Round "6"]
[White "Ruiz Quevedo, Andres"]
[Black "Nunez Miranda, Adrian"]
[Result "0-1"]
[WhiteElo "1896"]
[BlackElo "2120"]
[PlyCount "62"]
[EventDate "2016.03.07"]
[EventType "swiss"]
[EventRounds "9"]
[EventCountry "ESP"]
[SourceTitle "EXT 2017"]
[Source "ChessBase"]
[SourceDate "2016.10.25"]
[SourceVersion "1"]
[SourceVersionDate "2016.10.25"]
[SourceQuality "1"]

1. c4 Nf6 2. g3 c5 3. Bg2 d5 4. Nf3 Nc6 5. 0-0 e5 6. cxd5 Nxd5 7. Nc3 Nc7 8. d3 Be7 9. Nd2 Bd7 10. a4 Ne6 11. Nc4 f6 12. f4 exf4 13. gxf4 0-0 14. Ne4 Ned4 15. Be3 Bg4 16. Ng3 Qd7 17. Bf2 h5 18. Re1 Nb4 19. Ne3 Be6 20. Rc1 Bb3 21. Qd2 Bf7 22. Ne4 Nb3 23. Qd1 f5 24. Ng5 Bxg5 25. fxg5 Nxc1 26. Qxc1 f4 27. Nc4 Bd5 28. Bxc5 Qg4 29. e4 Nxd3 30. Qc3 Nxe1 31. Qxe1 Bxc4 0-1

[Event "Madrid-ch sf-A"]
[Site "Madrid"]
[Date "2016.03.07"]
[Round "1"]
[White "Ruiz Quevedo, Andres"]
[Black "Iagar, Razvan Gabriel"]
[Result "0-1"]
[WhiteElo "1896"]
[BlackElo "2136"]
[PlyCount "88"]
[EventDate "2016.03.07"]
[EventType "swiss"]
[EventRounds "9"]
[EventCountry "ESP"]
[SourceTitle "EXT 2017"]
[Source "ChessBase"]
[SourceDate "2016.10.25"]
[SourceVersion "1"]
[SourceVersionDate "2016.10.25"]
[SourceQuality "1"]

1. c4 Nf6 2. g3 c6 3. Nf3 d5 4. b3 Bf5 5. Bg2 h6 6. 0-0 e6 7. Bb2 Nbd7 8. d3 Be7 9. Na3 0-0 10. Nc2 a5 11. Qc1 Bh7 12. Bc3 Ne8 13. Ne3 Bf6 14. d4 Nd6 15. Ne5 Ne4 16. Bb2 Be7 17. f3 Nef6 18. Nd3 Qb8 19. Qc3 Bd6 20. cxd5 exd5 21. Nc2 Re8 22. Rae1 Nf8 23. Nf2 Rc8 24. Nd3 Ne6 25. Bh3 Re8 26. a3 Qa7 27. b4 Ng5 28. Bg2 axb4 29. axb4 Rac8 30. Nc5 b6 31. Nd3 c5 32. dxc5 bxc5 33. Nxc5 Bxc5+ 34. bxc5 Rxc5 35. Qd4 Bxc2 36. Rc1 Qc7 37. e4 dxe4 38. fxe4 Rc4 39. Qe3 Ngxe4 40. Bxf6 Nxf6 41. Qd2 Bg6 42. Ra1 Rc2 43. Qb4 Qc5+ 44. Qxc5 Rxc5 0-1

[Event "Madrid-ch sf"]
[Site "Madrid"]
[Date "2016.02.15"]
[Round "4"]
[White "Ruiz Quevedo, Andres"]
[Black "Ortega Morales, Pedro"]
[Result "1-0"]
[WhiteElo "1902"]
[BlackElo "1751"]
[PlyCount "103"]
[EventDate "2016.02.08"]
[EventType "swiss"]
[EventRounds "9"]
[EventCountry "ESP"]
[SourceTitle "CBM 171 Extra"]
[Source "ChessBase"]
[SourceDate "2016.04.26"]
[SourceVersion "1"]
[SourceVersionDate "2016.04.26"]
[SourceQuality "1"]

1. Nf3 d5 2. g3 Nf6 3. Bg2 e6 4. 0-0 Be7 5. c4 c6 6. b3 0-0 7. Bb2 Nbd7 8. Nc3 Rb8 9. Rc1 a6 10. d3 b5 11. cxd5 cxd5 12. Nd4 Bb7 13. Qc2 Qb6 14. e3 Rfc8 15. Qb1 Bc5 16. Nce2 e5 17. Nf5 Qe6 18. d4 Bf8 19. dxe5 Nxe5 20. Nf4 Qe8 21. Qa1 Ned7 22. Nh6+ Kh8 23. Bh3 Rxc1 24. Rxc1 Ng8 25. Rc7 Nxh6 26. Rxd7 Bc8 27. Rxd5 Bxh3 28. Nxh3 Rd8 29. Qd1 Be7 30. Nf4 Kg8 31. e4 Rxd5 32. Qxd5 Qd8 33. Qxd8+ Bxd8 34. Nd5 f6 35. Bd4 Kf7 36. Ne3 Ke6 37. f4 Nf7 38. Kg2 Nd6 39. Kf3 g6 40. g4 f5 41. exf5+ gxf5 42. h3 h6 43. Bc5 fxg4+ 44. hxg4 Nf7 45. Ke4 Kd7 46. Bf8 Ke6 47. Nf5 a5 48. Nxh6 Nxh6 49. Bxh6 a4 50. f5+ Kf7 51. bxa4 bxa4 52. Bc1 1-0

[Event "Madrid-ch sf"]
[Site "Madrid"]
[Date "2016.02.09"]
[Round "2"]
[White "Ruiz Quevedo, Andres"]
[Black "Boni De Aristizabal, Marco"]
[Result "1-0"]
[WhiteElo "1902"]
[BlackElo "1735"]
[PlyCount "105"]
[EventDate "2016.02.08"]
[EventType "swiss"]
[EventRounds "9"]
[EventCountry "ESP"]
[SourceTitle "CBM 171 Extra"]
[Source "ChessBase"]
[SourceDate "2016.04.26"]
[SourceVersion "1"]
[SourceVersionDate "2016.04.26"]
[SourceQuality "1"]

1. g3 c6 2. Bg2 d5 3. Nf3 Bf5 4. 0-0 Nf6 5. d3 e6 6. c4 Bd6 7. Be3 Ng4 8. Bd2 Nd7 9. cxd5 exd5 10. e4 dxe4 11. dxe4 Bg6 12. h3 Nxf2 13. Rxf2 Bc5 14. Bc3 Bxf2+ 15. Kxf2 f6 16. Nbd2 Qc7 17. Qe2 0-0 18. Nh4 Ne5 19. Kg1 Rad8 20. Kh2 Bf7 21. Nhf3 Ng6 22. a3 Rfe8 23. Re1 f5 24. e5 f4 25. g4 Bd5 26. Nc4 Qe7 27. Nd6 Rxd6 28. exd6 Qxe2 29. Rxe2 Rd8 30. Ng5 Bxg2 31. Kxg2 h6 32. Nf3 Rxd6 33. Rd2 Rxd2+ 34. Bxd2 Kf7 35. h4 Ke6 36. h5 Ne7 37. Bxf4 Nd5 38. Nd4+ Kf6 39. Kf3 Nxf4 40. Kxf4 a6 41. Nb3 b6 42. a4 c5 43. a5 bxa5 44. Nxc5 g5+ 45. Ke4 Ke7 46. Kf5 Kd6 47. Ne4+ Kc6 48. Kg6 Kb5 49. Nc3+ Kc4 50. Kxh6 Kb3 51. Nd1 Kc2 52. Kxg5 Kxd1 53. h6 1-0

[Event "Madrid-ch Previa-B"]
[Site "Madrid"]
[Date "2014.03.08"]
[Round "3"]
[White "Plazuelo Pascual, Juan"]
[Black "Ruiz Quevedo, Andres"]
[Result "1-0"]
[WhiteElo "2057"]
[BlackElo "1984"]
[PlyCount "65"]
[EventDate "2014.03.06"]
[EventType "swiss"]
[EventRounds "9"]
[EventCountry "ESP"]
[SourceTitle "CBM 159 Extra"]
[Source "ChessBase"]
[SourceDate "2014.04.24"]
[SourceVersion "1"]
[SourceVersionDate "2014.04.24"]
[SourceQuality "1"]

1. d4 Nf6 2. Nf3 e6 3. c4 c5 4. d5 b5 5. Bf4 Qa5+ 6. Nc3 exd5 7. cxd5 g6 8. e4 Bg7 9. Nd2 0-0 10. Nb3 Qb6 11. Nxb5 Re8 12. Bc7 Rxe4+ 13. Kd2 Qb7 14. Bd3 Qxd5 15. Nc3 Qg5+ 16. Kc2 Bb7 17. Nxe4 Nxe4 18. Qf3 d5 19. Bxe4 dxe4 20. Qf4 Qxf4 21. Bxf4 Ba6 22. Nxc5 Bb5 23. Nxe4 Nc6 24. Nd6 Ba4+ 25. Kd2 Rd8 26. Rae1 g5 27. Bg3 f5 28. Re8+ Rxe8 29. Nxe8 Bxb2 30. Bd6 Kf7 31. Nc7 Ne5 32. Rb1 Bd4 33. Rb4 1-0

[Event "Madrid-ch Previa-B"]
[Site "Madrid"]
[Date "2014.03.07"]
[Round "2"]
[White "Munoz Manzano, Jose Manuel"]
[Black "Ruiz Quevedo, Andres"]
[Result "0-1"]
[WhiteElo "2104"]
[BlackElo "1984"]
[PlyCount "72"]
[EventDate "2014.03.06"]
[EventType "swiss"]
[EventRounds "9"]
[EventCountry "ESP"]
[SourceTitle "CBM 159 Extra"]
[Source "ChessBase"]
[SourceDate "2014.04.24"]
[SourceVersion "1"]
[SourceVersionDate "2014.04.24"]
[SourceQuality "1"]

1. c4 Nf6 2. g3 c5 3. Bg2 e6 4. Nc3 Be7 5. e3 0-0 6. Nge2 a6 7. 0-0 Qc7 8. b3 d6 9. Bb2 Nbd7 10. d3 Rb8 11. a4 Re8 12. f4 Bf8 13. h3 b6 14. Qd2 Bb7 15. e4 Bc6 16. g4 b5 17. axb5 axb5 18. Ng3 Red8 19. g5 Ne8 20. Nce2 Qb7 21. Bc3 d5 22. Qc2 Nb6 23. cxd5 exd5 24. Ra2 c4 25. Rfa1 cxd3 26. Qxd3 dxe4 27. Qc2 e3 28. Ra7 Bxg2 29. Rxb7 Bxb7 30. Bd4 Nd5 31. Nf5 Nb4 32. Qb1 Bf3 33. Kf1 Rbc8 34. Bxe3 Nc2 35. Ra2 Be4 36. Kf2 Bxf5 0-1

[Event "Madrid-ch sf-B"]
[Site "Madrid"]
[Date "2013.03.07"]
[Round "1"]
[White "Madurga Lopez, Ignacio"]
[Black "Ruiz Quevedo, Andres"]
[Result "1-0"]
[WhiteElo "2027"]
[BlackElo "1925"]
[PlyCount "91"]
[EventDate "2013.03.07"]
[EventType "swiss"]
[EventRounds "9"]
[EventCountry "ESP"]
[SourceTitle "CBM 153 Extra"]
[Source "ChessBase"]
[SourceDate "2013.04.22"]
[SourceVersion "1"]
[SourceVersionDate "2013.04.22"]
[SourceQuality "1"]

1. e4 c5 2. Nf3 e6 3. c3 Nf6 4. Bd3 Nc6 5. Bc2 Qc7 6. 0-0 b6 7. Re1 Ba6 8. d3 d6 9. a3 Be7 10. d4 e5 11. d5 Nd8 12. b3 0-0 13. Nbd2 Ne8 14. Nf1 g6 15. Ng3 Ng7 16. h3 Bc8 17. Nh2 f5 18. exf5 gxf5 19. Nh5 Nf7 20. Nxg7 Kxg7 21. Qh5 Kh8 22. Bxf5 Bxf5 23. Qxf5 Ng5 24. Qd3 Rg8 25. f4 exf4 26. Bxf4 Raf8 27. Bxg5 Rxg5 28. Re6 Rfg8 29. Ng4 Bf8 30. Ra2 Qg7 31. Qf3 Qb7 32. c4 Qg7 33. Kh2 Qd4 34. Re4 Qg7 35. Re3 Qg6 36. Rf2 Bg7 37. Re6 Qb1 38. Rf1 Qb2 39. Re2 Qxa3 40. Re7 Qb2 41. Rf2 Qc3 42. Qxc3 Bxc3 43. Nh6 Bd4 44. Nf7+ Kg7 45. Nxg5+ Kg6 46. Ne4 1-0

[Event "Madrid-ch Previa-A"]
[Site "Madrid"]
[Date "2013.02.06"]
[Round "3"]
[White "Ruiz Quevedo, Andres"]
[Black "Diaz Begonte, Manuel"]
[Result "1/2-1/2"]
[WhiteElo "1917"]
[BlackElo "1825"]
[PlyCount "64"]
[EventDate "2013.02.04"]
[EventType "swiss"]
[EventRounds "9"]
[EventCountry "ESP"]
[SourceTitle "EXT 2015"]
[Source "ChessBase"]
[SourceDate "2014.11.20"]
[SourceVersion "1"]
[SourceVersionDate "2014.11.20"]
[SourceQuality "1"]

1. c4 c6 2. Nf3 d5 3. g3 Bf5 4. Qb3 Qb6 5. Bg2 e6 6. 0-0 Nf6 7. d3 dxc4 8. Qxc4 Nbd7 9. Nc3 Bd6 10. Nd4 Ne5 11. Qa4 Bg6 12. Be3 Bc5 13. Nxc6 Nxc6 14. d4 0-0 15. dxc5 Qxb2 16. Qb3 Qxb3 17. axb3 Ng4 18. Bf4 e5 19. Bg5 h6 20. Bc1 a6 21. e3 Nf6 22. Rd1 Bc2 23. Rd6 Rfc8 24. Nd5 Nxd5 25. Bxd5 Rd8 26. Ba3 a5 27. Rc1 Bf5 28. Bb2 Rac8 29. e4 Bd7 30. Rd1 Bg4 31. Rd3 Rxd6 32. cxd6 Nb4 1/2-1/2